| 000 | 00877nac a22002777a 4500 | ||
|---|---|---|---|
| 001 | BR0703963 | ||
| 003 | BR-BrBNA | ||
| 005 | 20240105123447.0 | ||
| 008 | 230509b bl.|||m| |||| 00| 0 por d | ||
| 040 |
_aBR-BrBNA _bpor _cBiblioteca Nacional de Agricultura |
||
| 072 | _aE14; D10 | ||
| 090 | _aE14 BR0703963 | ||
| 100 | 1 | _aPardo, M.H. de A. | |
| 110 | 1 |
_aEMBRAPA Acre, Rio Branco, AC (Brasil) _93527 |
|
| 245 | 1 | _aRelatório de Gestão Administrativa - 1999/2000 | |
| 260 | 3 |
_aRio Branco, AC (Brasil): _c2002. |
|
| 300 | _a29 p. | ||
| 490 |
_aDocumentos - EMBRAPA Acre (Brazil) _vno. 77 _xISSN 0104-9046 |
||
| 500 | _a24 tables | ||
| 650 | _aADMINISTRAÇÃO DE PESQUISA | ||
| 650 | _aADMINISTRAÇÃO PÚBLICA | ||
| 650 | _aDADOS ESTATÍSTICOS | ||
| 650 | _aDESENVOLVIMENTO AGRÍCOLA | ||
| 909 |
_a202312 _bLúcia Elande _c55 _dLúcia Elande |
||
| 942 |
_2AGRIS _n0 _cMS |
||
| 999 |
_c295553 _d295553 |
||